Funciones de una variable compleja y sus aplicaciones
সংরক্ষণ করুন:
| প্রধান লেখক: | |
|---|---|
| বিন্যাস: | গ্রন্থ |
| ভাষা: | স্প্যানিশ |
| প্রকাশিত: |
Madrid
Dossat
1958
|
| মালা: | Textos Universitarios Ingleses de Matemáticas
|
| বিষয়গুলি: | |
| ট্যাগগুলো: |
ট্যাগ যুক্ত করুন
কোনো ট্যাগ নেই, প্রথমজন হিসাবে ট্যাগ করুন!
|
MARC
| LEADER | 00000nam a2200000 a 4500 | ||
|---|---|---|---|
| 001 | UCV4182 | ||
| 003 | CL-VaPUC | ||
| 008 | 900723e19580000SP |||||||||||||||||spa|d | ||
| 082 | 0 | 4 | |a 515.93 |b PHI |2 21 |
| 100 | 0 | |a Phillips, Edgard Giraldus |e author |9 298502 | |
| 245 | 1 | 0 | |a Funciones de una variable compleja y sus aplicaciones |
| 300 | |a 150 p | ||
| 942 | |c BK | ||
| 945 | |d 19900723 00:00:00 | ||
| 260 | |a Madrid |b Dossat |c 1958 | ||
| 650 | 0 | |a Funciones de variables complejas |9 260212 | |
| 583 | |a last modification |c 19900723 00:00:00 |k Rodrigo Vera | ||
| 490 | 0 | |a Textos Universitarios Ingleses de Matemáticas | |
| 999 | |c 211147 |d 211145 | ||
| 952 | |0 0 |1 0 |4 0 |6 515_930000000000000_PHI_1958 |7 0 |8 A |9 189322 |a BIBCUR |b BIBCUR |d 2019-11-14 |i 1766422 |l 1 |o 515.93 PHI 1958 |p 1766422 |r 2025-04-22 |s 2024-09-16 |w 2019-11-14 |y BK |k BCB | ||
| 952 | |0 0 |1 0 |4 0 |6 515_930000000000000_PHI_1958 |7 0 |8 A |9 189323 |a BIBMAT |b BIBMAT |d 2019-11-14 |i 1317679 |o 515.93 PHI 1958 |p 1317679 |r 2025-01-07 |w 2019-11-14 |y BK |k MAT | ||